000 04889nam a22008175i 4500
005 20230718140318.0
006 m|||||o||d||||||||
007 cr || ||||||||
008 221201t20212021gw fo d z ger d
020 _a9783839456613
040 _aDE-B1597
_beng
_cDE-B1597
_erda
041 0 _ager
050 4 _aGT3040
082 0 4 _a320
_qDE-101
084 _aMQ 3507
_2rvk
100 1 _aFrick, Marc,
_eauthor.
_4aut
_4http://id.loc.gov/vocabulary/relators/aut
245 1 4 _aDie Gabe als drittes Prinzip zwischen Markt und Staat? :
_bPerspektiven von Marcel Mauss bis zur Gegenwart /
_cMarc Frick.
264 1 _aBielefeld :
_btranscript Verlag,
_c[2021]
264 4 _c©2021
300 _a1 online resource (210 p.)
336 _atext
_btxt
_2rdacontent
337 _acomputer
_bc
_2rdamedia
338 _aonline resource
_bcr
_2rdacarrier
347 _atext file
_bPDF
_2rda
490 0 _aEdition Politik ;
_v112
505 0 0 _tFrontmatter --
_tInhalt --
_tVorwort --
_t1 Einleitung --
_tTeil I: Das Prinzip der Gabe bei Marcel Mauss --
_tEinleitung --
_t2 Marcel Mauss: Leben und Wirken in Politik und Wissenschaft --
_t3 Untersuchung des Gabentausches in archaischen Gesellschaften --
_t4 Die Vorstellung eines guten Zusammenlebens in Die Gabe --
_tTeil II: Interpretationen und Potentiale der Gabe - von Marcel Mauss bis zur Gegenwart --
_t5 Strukturalistisch-symbolische Interpretation der Gabe --
_t6 Die Interpretation der M.A.U.S.S.-Bewegung --
_t7 Die Gabe als politische Kategorie --
_t8 Gabe und Anerkennung --
_t9 Homo Donator und die Politik der Gabe --
_t10 Struktur und Potentiale der Gabe --
_tTeil III: Von »archaischen« zu »modernen« Gesellschaften - die Gabe zwischen Markt und Staat --
_t11 Die Ablösung der Gabengesellschaft --
_t12 Die Entwicklung des Marktes nach Karl Polanyi --
_t13 Richard M. Titmuss -- Gaben und die Grenzen des Marktes --
_t14 Institutionalisierung der Gabe? --
_t15 Gaben im Wohlfahrtsstaat --
_tTeil IV: Abschließende Betrachtungen --
_t16 Die Gabe und das gute Zusammenleben --
_t17 Die Gabe im Spannungsfeld zwischen Markt und Staat --
_tLiteratur
506 0 _funrestricted online access
_2star
520 _aMarcel Mauss schrieb 1923 in seinem Essay Die Gabe, er habe in den Motiven des Gabentauschs »einen der Felsen gefunden, auf denen unsere Gesellschaften ruhen«. Bis heute wirft diese These Fragen auf: Wie stiftet die Gabe Solidarität, Anerkennung und Vertrauen? Und gelingt das auch in modernen Gesellschaften noch? Aufbauend auf einer pointierten Rezeptionsgeschichte von Mauss' Essay und im Dialog mit Denkern aus Philosophie, Politik- und Wirtschaftswissenschaften kommt Marc Frick zu dem Ergebnis, dass die Gabe neben Markt und Staat eine zentrale Funktion in unserer Gesellschaft hat. Darüber hinaus erläutert er, welche politischen Konsequenzen daraus resultieren und wie Gabeninteraktionen zur Sicherung des sozialen Gefüges genutzt werden können.
536 _afunded by transcript: Open Library 2021 (Politik)
538 _aMode of access: Internet via World Wide Web.
540 _aThis eBook is made available Open Access under a CC BY 4.0 license:
_uhttps://creativecommons.org/licenses/by/4.0
_uhttps://www.degruyter.com/dg/page/open-access-policy
546 _aIn German.
588 0 _aDescription based on online resource; title from PDF title page (publisher's Web site, viewed 01. Dez 2022)
650 0 _aGifts.
650 0 _aSocial interaction
_xPhilosophy.
650 4 _aAnerkennung.
650 4 _aGesellschaft.
650 4 _aKulturtheorie.
650 4 _aMarcel Mauss.
650 4 _aMarkt.
650 4 _aPolitik.
650 4 _aPolitikwissenschaft.
650 4 _aPolitische Philosophie.
650 4 _aPolitische Soziologie.
650 4 _aPolitische Theorie.
650 4 _aSolidarität.
650 4 _aSozialer Zusammenhalt.
650 4 _aStaat.
650 4 _aVertrauen.
650 7 _aPOLITICAL SCIENCE / History & Theory.
_2bisacsh
653 _aCultural Theory.
653 _aMarcel Mauss.
653 _aMarket.
653 _aPolitical Philosophy.
653 _aPolitical Science.
653 _aPolitical Sociology.
653 _aPolitical Theory.
653 _aPolitics of Acknowledgment.
653 _aPolitics.
653 _aSocial Cohesion.
653 _aSociety.
653 _aSolidarity.
653 _aState.
653 _aTrust.
710 2 _atranscript: Open Library 2021 (Politik)
_efunder.
_4fnd
_4http://id.loc.gov/vocabulary/relators/fnd
776 0 _cprint
_z9783837656619
856 4 0 _uhttps://doi.org/10.1515/9783839456613?locatt=mode:legacy
_zOpen Access
_70
856 4 0 _uhttps://www.degruyter.com/isbn/9783839456613
_zOpen Access
_70
856 4 2 _3Cover
_uhttps://www.degruyter.com/document/cover/isbn/9783839456613/original
942 _cE-BOOK
999 _c70371
_d70370